00686nam a2200229Ia 450000100060000000300090000600800410001504000130005604000130006904100130008210000200009510000290011524500610014424500440020525000110024926000120026026000130027226000490028530000590033465000320039365000310042518932IT-RoPAU130308s9999 xx 000 0 und d aIT-RoPAU cIT-RoPAU aITALIANO aZecevic Bozidar gCodice Aut. SPICS: 4933 aMito, storia e rivoluzione nel film Okupacija U 26 Slika bIugoslavia: Il Cinema dell'Autogestione a1a ed. aVENEZIA bMarsilio c1982 [1° Ed.:1982 - Ed.Ling.Originale:1978] a"13 p. (prefazione: no ; testo: 13 [pagine: 119-131])" aSTORIA NAZIONALE DEL CINEMA eCodice materia Spics: 6809